MDQL
is popping MORE tags! Check the
thread
!
Quizzes
Events
Quiz Creation
Community
Videos
Private Events
Remove Ads
Sign In
Join for FREE
Feedback
Dark Mode
Quiz Categories
Sports
Geography
Music
Movies
Television
Just For Fun
Miscellaneous
History
Literature
Language
Science
Gaming
Entertainment
Religion
Holiday
For Kids
Quiz Lab
Recent
Popular Today
Quiz Kudos Today
Editor Picks
Curator Picks
Quizzes by...
Day
Popularity
Type
Ratings
Length
Year
Community
Subscriptions
Recent Discussions
Orange Saloon
Badges
Playlists
Quests
Create
Leaderboards
Showdown
Live 5
Trivia Bingo
Activity
Puzzle Library
Sporcle Events
Private Events
Virtual Trivia
Globe League
Become a Host
Pub Owners
SporcleCon
Opinionation
Our Games
Videos
Blog
Mobile Apps
Partnerships
Remove Ads and Go Orange
Feedback
Music
Pop Music
The Beatles
Song
Album
Lyrics
Bands
Singers
Artist
Clip
Rock
Rap
Classical
Billboard
Country Music
Kpop
Taylor Swift
Music
Pop Music
The Beatles
Song
Album
Lyrics
Bands
Singers
Artist
Clip
Rock
Rap
Classical
Billboard
Country Music
Kpop
Taylor Swift
Random Quiz
Search Sporcle
×
Quiz Lab
Quiz Lab
Music
Type in answers that appear in a list
Type in answers that appear in a list
Classic
Best Score? Go Orange.
Guess The Beatles Lyrics Stats
Can you name the Beatles Lyrics?
By
BeatlesBabe564
7m
121 Questions
358 Plays
358 Plays
358 Plays
Comments
Comments
Give Quiz Kudos
Give Quiz Kudos
-
- Ratings
hide this ad
Replay
Link that replays current quiz
Next Quiz
Link to next quiz in quiz playlist
You Got
0%
They Got
Avg Score
57%
Avg Friend Score
Upgrade to see
Score Distribution
Jump to the score distribution portion of the page
Score
0/121
Timer
07:00
0
Plays Today
% Correct
the
98%
the
98%
a
98%
a
98%
the
98%
the
98%
the
98%
you
94.4%
you
94.4%
you
94.4%
you
94.4%
you
94.4%
to
86%
to
86%
to
86%
to
86%
to
86%
is
80.4%
your
79.3%
your
79.3%
your
79.3%
your
79.3%
your
79.3%
in
78.8%
when
78.2%
on
74.9%
that
71.5%
at
68.2%
Who
68.2%
at
68.2%
at
68.2%
was
67%
they
67%
they
67%
they
67%
how
65.6%
how
65.6%
how
65.6%
how
65.6%
how
65.6%
how
65.6%
% Correct
See
64.2%
See
64.2%
See
64.2%
like
60.6%
Did
58.9%
think
55%
make
54.7%
make
54.7%
has
52.8%
night
52.2%
run
52.2%
run...
52.2%
night
52.2%
run
52.2%
Lady
51.4%
his
51.4%
Lady
51.4%
Lady
51.4%
Lady
51.4%
Madonna
51.1%
Madonna
51.1%
Madonna
51.1%
Madonna
51.1%
feet
50%
come
50%
feet
50%
child
49.7%
children
49.2%
children
49.2%
ends
48.6%
ends
48.6%
manage
48.3%
manage
48.3%
manage
48.3%
Wonder
48%
Wonder
48%
meet
47.8%
meet
47.8%
money
46.4%
money
46.4%
pay
45.5%
% Correct
rent?
45.5%
never
45.5%
heaven
44.7%
Friday
44.4%
sent?
44.1%
Sunday
43.3%
baby
43%
morning
42.7%
rest
42.7%
morning
42.7%
Tuesday
41.9%
without
41.6%
breast
41.6%
didnt
41.3%
nun
41.1%
tie
40.5%
Thursday
40.5%
Wednesday
40.2%
feed
39.9%
finds
39.7%
head
39.7%
suitcase
38.8%
Monday's
38.5%
bootlace
37.7%
arrives
37.4%
needed
37.4%
creeping
36.6%
mending
36.3%
stockings
35.5%
Listen
34.1%
music
34.1%
playing
33.5%
papers
33.5%
bed
33.2%
Wonders
32.7%
lying
31%
ending
30.7%
afternoon
28.2%
learnt
23.7%
Quiz Playlist
Details
Report
Send in Message
Add To Playlist
Classic:
Type in answers that appear in a list
Last Updated: Feb 16, 2017
Quiz Scoreboard
CHALLENGE
Sign Up to Join the Scoreboard
Show All
Scores
Hide
Comments
May contain spoilers
Recently Published
Two Season TV Shows II
by 123Four
Television
10m
Image Sorting: Flags VI
by Barbecue
Geography
2m
Find the 'City' Movie
by crazypaving
Movies
60s
More to Explore
Quiz From the Vault
Featured Blog Post
14 Easter Pick-up Lines to Find Eggs With
hide this ad
You Might Also Like...
Tags
This quiz does not have any tags.
Today's Top Quizzes in Music
Browse Music
hide this ad
Top Contributed Quizzes in Music
1
5X2 Blitz: Bands II
2
5X2 Blitz: The Beatles
3
Taylor Swift All Songs (2024)
4
5X2 Blitz: Billboard
5
5X2 Blitz: Billboard II
6
Music Artist by Three 2010s hits
7
5X2 Blitz: Album
8
5X2 Blitz: Rock
9
5X2 Blitz: Singers
10
5X2 Blitz: Lyrics
Explore More
Trending Topics
Disney
Harry Potter
NBA
Marvel
Anime
Kpop
Crossword
Song
Pokémon
Puzzle
The Office
WWE
Soccer
NFL
Country
hide this ad
More By:
BeatlesBabe564
Quiz
Plays
Rating
Category
Featured
Created
Guess The Beatles Lyrics
358
4.17
Music
Jun 29, 2011
Go to Creator's Profile
Score Distribution
Quiz Creator Spotlight
BeatlesBabe564
Follow
Send a Message
Quizzes Created
-
Created Quiz Play Count
-
More By This Creator
Popular Quizzes Today
1
Find the US States - No Outlines Minefield
2
Colored Red Africa Blitz
3
Find the 'City' Movie
4
5x2 Blitz: Bands
5
The Countries of the World
6
Find the Countries of Europe - No Outlines Minefield
7
Find the US States
8
US States
More Music Quizzes
Lana Del Rey Ultimate Crossword
Quiz Lab
Trending Quizzes
Colored Red Europe Blitz I
Colored Red Africa Blitz II
Colored Red Europe Blitz II
Even More Two Season TV Shows
Colored Red Africa Blitz III
Recently Updated
March Madness Men's Triple Doubles
pecheneg
How Do You Spell That?
pecheneg
Godzilla Movies
pecheneg
Grab Bag: 4-10 Letters
pecheneg
2024 March Madness Bracket
pecheneg
Famous TV Couples
Peacemaker
Champions League XIs: Real Madrid
pecheneg
Largest US Cities 1790-2010
pecheneg
Rides in Walt Disney World
pecheneg
Most Oscar Losses (Acting)
pecheneg
Trending Topics
NBA
Disney
Anime
Kpop
Crossword
Marvel
Harry Potter
The Office
Country
Soccer
Song
WWE
Puzzle
Pokémon
NFL
Your Account Isn't Verified!
In order to create a playlist on Sporcle, you need to verify the email address you used during registration. Go to your
Sporcle Settings
to finish the process.
Report this User
Report this user for behavior that violates our
Community Guidelines
.
Details:
Send Report
Go to the Sporcle.com Mobile Site →
Comments